000 00485cam a2200145 4500500
005 20260201020307.0
041 _afre
042 _adc
100 1 0 _aDusserre, Aurélia
_eauthor
245 0 0 _aGuerre du Rif. La résistance héroïque
260 _c2026.
500 _a81
786 0 _nL'Histoire - Les Collections | 110 | 1 | 2026-01-08 | p. 84-89 | 1276-4183
856 4 1 _uhttps://shs.cairn.info/magazine-lhistoire-les-collections-2026-1-page-84?lang=fr&redirect-ssocas=7080
999 _c1638999
_d1638999